| 000 | 00845nam a2200229Ia 4500 | ||
|---|---|---|---|
| 003 | Ost | ||
| 005 | 20260507075038.0 | ||
| 008 | 260507s9999||||xx |||||||||||||| ||und|| | ||
| 040 | _cfsecg | ||
| 041 | _aara | ||
| 082 | _a330 | ||
| 100 |
_aالمصري، رفيق يونس _eمؤلف |
||
| 245 | 0 |
_aأصول الاقتصاد الاسلامي / _c رفيق يونس المصري |
|
| 250 | _aطبعة 3 | ||
| 260 |
_aدمشق: _bدار القلم, _c1999 |
||
| 300 |
_a279 صفحة؛ _bإيضاحات ؛ _c24 سم |
||
| 504 | _aببلوغرافيا ص.257 | ||
| 520 | _aمقدمات-الملكية المقيدة-الحرية الاقتصادية والتدخل-الانتاج-التبادل-الاستهلاك-التوزيع | ||
| 653 | _aالاقتصاد الاسلامي | ||
| 653 | _aالفقه الاسلامي | ||
| 942 | _cكتاب | ||
| 999 |
_c42479 _d42479 |
||